书目信息 |
| 题名: |
容斋随笔
|
|
| 作者: | 洪迈 著 | |
| 分册: | ||
| 出版信息: | 长沙 岳麓书社 1994.10 |
|
| 页数: | 638页 | |
| 开本: | 32开 | |
| 丛书名: | ||
| 单 册: | ||
| 中图分类: | I264.4 , I266.1 | |
| 科图分类: | ||
| 主题词: | 散文--中国 , 散文--作品综合集--中国 | |
| 电子资源: | ||
| ISBN: | 7-80520-483-7 | |
| 000 | 00593nam0 2200217 45 | |
| 001 | 0010232007 | |
| 005 | 20211122151832.42 | |
| 010 | @a7-80520-483-7@d20.00元 | |
| 100 | @a20001023d1994 km y0chiy0120 ea | |
| 101 | 0 | @achi |
| 105 | @a z 000yy | |
| 200 | 1 | @a容斋随笔@ARong Zhai Sui Bi@f(宋)洪迈著@F(Song)Hong Mai Zhu |
| 210 | @a长沙@c岳麓书社@d1994.10 | |
| 215 | @a638页@d32开 | |
| 606 | 0 | @a散文@x中国 |
| 606 | 0 | @a散文@x作品综合集@x中国 |
| 690 | @aI264.4@v3 | |
| 690 | @aI266.1@v4 | |
| 701 | 0 | @a洪迈@4著 |
| 801 | @aCN@bPftUser@c20001023 | |
| 905 | @b184979-981@dI266.1@eH407@f3 | |
| 容斋随笔/(宋)洪迈著.-长沙:岳麓书社,1994.10 |
| 638页;32开 |
| ISBN 7-80520-483-7:20.00元 |
| ● |
| 相关链接 |
|
|
|
正题名:容斋随笔
索取号:I266.1/H407
 
预约/预借
| 序号 | 登录号 | 条形码 | 馆藏地/架位号 | 状态 | 备注 |
| 1 | 184979 | 201849795 | 社科二线422/422社科库 49排6列3层/ [索取号:I264.4/H.090] | 在馆 | |
| 2 | 184980 | 201849802 | 文学库116/116文学库 2排3列4层/ [索取号:I264.4/H.090] | 在馆 | |
| 3 | 184981 | 201849811 | 文学库116/116文学库 2排3列4层/ [索取号:I264.4/H.090] | 在馆 |